Použitie monetárnej a fiškálnej politiky v období finančnej a hospodárskej krízy (príklad vybraných ekonomík) diplomová práca
Na minha lista:
| Autor principal: | |
|---|---|
| Autor Corporativo: | |
| Outros Autores: | |
| Formato: | Livro |
| Idioma: | eslovaco |
| Publicado em: |
Bratislava
2013
|
| Tags: |
Sem tags, seja o primeiro a adicionar uma tag!
|
MARC
| LEADER | 00000nbm a2200000 4500 | ||
|---|---|---|---|
| 001 | 0169271 | ||
| 005 | 20240627114134.3 | ||
| 041 | 0 | |a slo | |
| 044 | |a SK | ||
| 245 | 1 | 0 | |a Použitie monetárnej a fiškálnej politiky v období finančnej a hospodárskej krízy (príklad vybraných ekonomík) |b diplomová práca |c Valéria Dziurová ; školiteľ: Boris Šturc |
| 264 | 1 | |a Bratislava |c 2013 | |
| 300 | |a 64 s. | ||
| 100 | 1 | |a Dziurová, Valéria, 1986- | |
| 700 | 1 | |a Brinčíková, Zuzana, 1979- | |
| 710 | 2 | |a Národohospodárska fakulta EU. Katedra bankovníctva a medzinárodných financií | |